[Event "GER-ch U12"]
[Site "Willingen"]
[Date "2006.06.09"]
[Round "9"]
[White "Lang, Sascha"]
[Black "Guenther, Elisabeth"]
[Result "1-0"]
[WhiteElo "1400"]
[BlackElo "969"]
[PlyCount "79"]
[EventDate "2006.06.03"]
[EventType "swiss"]
[EventRounds "11"]
[EventCountry "GER"]
[SourceTitle "EXT 2007"]
[Source "ChessBase"]
[SourceDate "2006.11.23"]
[SourceVersion "1"]
[SourceVersionDate "2006.11.23"]
[SourceQuality "1"]

1. e4 e5 2. Nf3 Nc6 3. d4 exd4 4. Nxd4 Qh4 5. Be3 Qxe4 6. Nc3 Qe5 7. Nf3 Qd6 8. Be2 Qxd1+ 9. Rxd1 Bb4 10. Bd2 Bxc3 11. Bxc3 Nf6 12. 0-0 d6 13. Bxf6 gxf6 14. Rfe1 Bd7 15. Ba6+ Ne5 16. Bxb7 Rb8 17. Nxe5 fxe5 18. Be4 Rxb2 19. Rb1 Rxb1 20. Rxb1 h6 21. Rb8+ Ke7 22. Rxh8 f5 23. Bd5 Ba4 24. Bb3 Bxb3 25. axb3 Kd7 26. Rxh6 Kc6 27. Kf1 Kb5 28. c3 Kc5 29. f4 Kd5 30. fxe5 dxe5 31. Rh4 f4 32. Ke2 c5 33. g3 fxg3 34. hxg3 Ke6 35. Ke3 Kf5 36. Ra4 a6 37. Rxa6 e4 38. g4+ Kxg4 39. Kxe4 Kg3 40. Rf6 1-0

[Event "GER-ch U12"]
[Site "Willingen"]
[Date "2006.06.07"]
[Round "7"]
[White "Guenther, Elisabeth"]
[Black "Luther, Alexander"]
[Result "0-1"]
[WhiteElo "969"]
[BlackElo "1248"]
[PlyCount "106"]
[EventDate "2006.06.03"]
[EventType "swiss"]
[EventRounds "11"]
[EventCountry "GER"]
[SourceTitle "EXT 2007"]
[Source "ChessBase"]
[SourceDate "2006.11.23"]
[SourceVersion "1"]
[SourceVersionDate "2006.11.23"]
[SourceQuality "1"]

1. e4 e5 2. Nf3 Nf6 3. Nxe5 d6 4. Nf3 Nxe4 5. Nc3 Nxc3 6. dxc3 Be7 7. Be3 0-0 8. Qd2 Bg4 9. Be2 Nc6 10. 0-0-0 Re8 11. Kb1 a6 12. h4 Bxf3 13. gxf3 Bxh4 14. Rdg1 Bf6 15. Bh6 g6 16. Bc4 Ne5 17. Qf4 Nxc4 18. Qxc4 b5 19. Qf4 c5 20. Bg5 Bxg5 21. Rxg5 f6 22. Rg3 a5 23. Qh6 Re7 24. a3 b4 25. cxb4 axb4 26. axb4 cxb4 27. f4 Qe8 28. Rgg1 f5 29. Qh3 Qa4 30. Qb3+ Qxb3 31. cxb3 Re2 32. Rg2 Rae8 33. Kc1 Re1+ 34. Rxe1 Rxe1+ 35. Kc2 Re4 36. Kd3 Rxf4 37. Ke3 Rh4 38. Rg1 Rh3+ 39. Ke2 Rxb3 40. Rb1 h5 41. Kf1 h4 42. Kg1 g5 43. Kg2 g4 44. Kh2 Kg7 45. Kh1 Kg6 46. Kg2 Kg5 47. Kh2 g3+ 48. fxg3 hxg3+ 49. Kg2 Kg4 50. Kg1 f4 51. Kh1 Kh3 52. Kg1 g2 53. Kf2 Kh2 0-1

[Event "GER-ch U12"]
[Site "Willingen"]
[Date "2006.06.05"]
[Round "4"]
[White "Krtschil, Anna"]
[Black "Guenther, Elisabeth"]
[Result "1/2-1/2"]
[WhiteElo "1077"]
[BlackElo "969"]
[PlyCount "91"]
[EventDate "2006.06.03"]
[EventType "swiss"]
[EventRounds "11"]
[EventCountry "GER"]
[SourceTitle "EXT 2007"]
[Source "ChessBase"]
[SourceDate "2006.11.23"]
[SourceVersion "1"]
[SourceVersionDate "2006.11.23"]
[SourceQuality "1"]

1. e4 e5 2. Nf3 Nc6 3. Bb5 Nf6 4. Qe2 d6 5. c3 Be7 6. 0-0 Bg4 7. Rd1 0-0 8. d4 Qc8 9. d5 a6 10. Ba4 Nd8 11. Nbd2 c6 12. c4 Nh5 13. Bc2 Nf4 14. Qe1 cxd5 15. exd5 Bxf3 16. gxf3 Qh3 17. Qf1 Qxf1+ 18. Kxf1 Bh4 19. Ne4 Be7 20. Bxf4 exf4 21. Re1 b6 22. Re2 Nb7 23. Rae1 h6 24. Nc3 Bf6 25. Re4 Bxc3 26. bxc3 Nc5 27. Rxf4 Rfe8 28. Rxe8+ Rxe8 29. Rd4 Nd7 30. Ba4 Re7 31. Bxd7 Rxd7 32. Re4 Kf8 33. Ke2 Re7 34. Ke3 f5 35. Rxe7 Kxe7 36. Kf4 Kf6 37. a4 a5 38. h3 g5+ 39. Kg3 Kg6 40. f4 gxf4+ 41. Kxf4 h5 42. h4 Kf6 43. f3 Kg6 44. Ke3 Kf6 45. f4 Ke7 46. Kd3 1/2-1/2

[Event "GER-ch U12"]
[Site "Willingen"]
[Date "2006.06.04"]
[Round "2"]
[White "Guenther, Elisabeth"]
[Black "Gerntke, Oliver"]
[Result "0-1"]
[WhiteElo "969"]
[BlackElo "1352"]
[PlyCount "114"]
[EventDate "2006.06.03"]
[EventType "swiss"]
[EventRounds "11"]
[EventCountry "GER"]
[SourceTitle "EXT 2007"]
[Source "ChessBase"]
[SourceDate "2006.11.23"]
[SourceVersion "1"]
[SourceVersionDate "2006.11.23"]
[SourceQuality "1"]

1. e4 e6 2. d4 d5 3. e5 c5 4. Nf3 Nc6 5. Bb5 Bd7 6. Bg5 Be7 7. Qd2 Bxg5 8. Qxg5 Qxg5 9. Nxg5 h6 10. Nf3 Nxd4 11. Bxd7+ Kxd7 12. Nxd4 cxd4 13. 0-0 Ne7 14. Nd2 Rac8 15. Rac1 Nc6 16. Nf3 Rc7 17. c4 dxc4 18. Rxc4 Rhc8 19. Rd1 Ke7 20. Nxd4 Nxe5 21. Rxc7+ Rxc7 22. Nb5 Rc2 23. Nxa7 Rxb2 24. Nc8+ Kf6 25. a4 Nd3 26. h3 Nc5 27. a5 Ra2 28. Rc1 Rxa5 29. Rc4 Na6 30. Rf4+ Rf5 31. Rf3 Rxf3 32. gxf3 b5 33. Nb6 b4 34. Kf1 Kf5 35. Nc4 Kf4 36. Ke2 f5 37. Nd2 Kg5 38. Kd3 e5 39. Kc4 Kh4 40. Kb5 Nc7+ 41. Kxb4 Kxh3 42. Kc5 Kg2 43. Kd6 Kxf2 44. Kxe5 Ke2 45. Kxf5 Kxd2 46. Kg6 Ke3 47. Kxg7 h5 48. Kg6 h4 49. Kg5 h3 50. Kg4 h2 51. Kg3 h1Q 52. f4 Qf1 53. Kg4 Qxf4+ 54. Kh3 Qg5 55. Kh2 Qg4 56. Kh1 Kf2 57. Kh2 Qg2# 0-1